Trendy ve výrobě průmyslových hnojiv

Saved in:
Bibliographic Details
Main Author: Hegner, Pavel
Format: Book
Language:Czech
Published: Praha Ústředí vědeckých, technických a ekonomických informací 1987
Tags: Add Tag
No Tags, Be the first to tag this record!

MARC

LEADER 00000nam a2200000 4500
001 c033805
005 20251204112649.2
041 0 |a cze 
044 |a CZ 
245 1 0 |a Trendy ve výrobě průmyslových hnojiv  |c Pavel Hegner 
264 1 |a Praha  |b Ústředí vědeckých, technických a ekonomických informací  |c 1987 
300 |a 48 s. 
100 1 |a Hegner, Pavel